| 000 | 00497nam a22001932 4500 | ||
|---|---|---|---|
| 001 | 0000002730 | ||
| 005 | 20151217151903.0 | ||
| 008 | 070419s xx 000 0 eng d | ||
| 020 | _a1853260847 : | ||
| 040 |
_aKABU _cKABU |
||
| 050 | 0 |
_aPR6019 _b.O9D83 |
|
| 100 | 1 |
_aJoyce, James. _@0000152233 |
|
| 245 | 1 | 0 | _aDubliners. |
| 260 |
_aWare, Hertfordshire : _bWordsworth, _c1993. |
||
| 300 | _a288 p. | ||
| 908 | _a070419 | ||
| 950 | _@1 | ||
| 999 |
_c5994 _d5994 |
||